00280nam a2200121Ia 4500008004100000100002200041245001600063260002400079300000900103650002200112942000700134999001700141190216s9999||||xx |||||||||||||| ||und|| aBhattadiripad M P 0aRhuthumathy bCurrent Booksc1991 a113p aMalayalam Nadakam cBK c25475d25475